[Event "26.Schlosspark-Open"]
[Site "Wiesbaden-Biebrich"]
[Date "2014.08.29"]
[Round "2.54"]
[White "Künitz, Klaus"]
[Black "Zimpfer, Andreas"]
[Result "0-1"]
[WhiteElo "1604"]
[BlackElo "1879"]
[PlyCount "45"]
[EventDate "2014.??.??"]
[WhiteTeam "TSV Schott Mainz"]
[BlackTeam "SC Butzbach 2000"]

1. d4 d5 2. g3 Nf6 3. Bg2 e6 4. Nf3 c5 5. O-O Nc6 6. c4 cxd4 7. cxd5 Qxd5 8.
Bf4 Qd8 9. Nbd2 Bc5 10. Nb3 Bb6 11. Ne5 Bd7 12. Nc4 O-O 13. Nxb6 Qxb6 14. Bd6
Rfd8 15. Bc5 Qc7 16. Rc1 e5 17. Be7 Re8 18. Bxf6 gxf6 19. Nc5 Bf5 20. Nxb7 Qxb7
21. Rxc6 Qe7 22. e4 Be6 23. Rxe6 0-1

[Event "26.Schlosspark-Open"]
[Site "Wiesbaden-Biebrich"]
[Date "2014.08.29"]
[Round "2.55"]
[White "Steimbach, Isabel"]
[Black "Moseler, Thomas"]
[Result "1-0"]
[WhiteElo "1834"]
[BlackElo "1628"]
[PlyCount "39"]
[EventDate "2014.??.??"]
[WhiteTeam "OSG Baden-Baden"]
[BlackTeam "SK Lister Turm"]

1. e4 e5 2. Nf3 Nc6 3. Bb5 a6 4. Bxc6 dxc6 5. O-O f6 6. d4 exd4 7. Nxd4 Qe7 8.
Nf5 Qf7 9. Re1 Be6 10. Bf4 Rd8 11. Nd2 Rd7 12. Qe2 Kd8 13. Qe3 b6 14. Qe2 Bxf5
15. exf5 Re7 16. Qxa6 Rxe1+ 17. Rxe1 Kd7 18. Bxc7 Bd6 19. Bxd6 Kxd6 20. Ne4+
1-0

[Event "26.Schlosspark-Open"]
[Site "Wiesbaden-Biebrich"]
[Date "2014.08.29"]
[Round "2.56"]
[White "Wöhl, Torsten"]
[Black "Hipler, Andreas"]
[Result "0-1"]
[WhiteElo "1626"]
[BlackElo "1872"]
[PlyCount "66"]
[EventDate "2014.??.??"]
[WhiteTeam "SC Groß-Zimmern"]
[BlackTeam "SK Gau-Algesheim"]

1. c4 e5 2. Nc3 Nc6 3. g3 f5 4. Bg2 Nf6 5. d3 Bc5 6. Bg5 Bxf2+ 7. Kf1 Bxg1 8.
Rxg1 h6 9. Bxf6 Qxf6 10. Kf2 d6 11. e3 O-O 12. Rf1 Ne7 13. Kg1 c6 14. Rf2 g5
15. Qd2 Be6 16. Raf1 Qg7 17. b3 Rf7 18. h3 Raf8 19. e4 f4 20. g4 Ng6 21. Bf3
Nh4 22. Ne2 h5 23. d4 Nxf3+ 24. Rxf3 hxg4 25. hxg4 Bxg4 26. Rd3 Bxe2 27. Qxe2
g4 28. d5 c5 29. Qe1 Qh6 30. Rf2 g3 31. Rg2 Rh7 32. Rdxg3+ fxg3 33. Rxg3+ Kh8
0-1

[Event "26.Schlosspark-Open"]
[Site "Wiesbaden-Biebrich"]
[Date "2014.08.29"]
[Round "2.57"]
[White "Bolduan, Michael"]
[Black "Krastev, Alexander"]
[Result "0-1"]
[WhiteElo "1870"]
[BlackElo "1620"]
[PlyCount "76"]
[EventDate "2014.??.??"]
[WhiteTeam "SC Taunusstein 1966"]
[BlackTeam "Biebertaler SF"]

1. e4 e5 2. d4 exd4 3. Qxd4 Nc6 4. Qe3 Nf6 5. Bd2 b6 6. Nc3 Bc5 7. Qg3 O-O 8.
O-O-O Re8 9. f3 a6 10. Nge2 Ne5 11. Nf4 b5 12. h4 Nc4 13. Bxc4 bxc4 14. h5 c6
15. h6 g6 16. Nh5 Nxh5 17. Rxh5 Be7 18. e5 d5 19. f4 Rb8 20. Be3 Qa5 21. Rhh1
Rxb2 22. Kd2 Bb4 23. Bf2 Bf5 24. Rc1 Rd8 25. Qg5 Bxc3+ 26. Ke2 Bxc2 27. Qf6 Kf8
28. Qg7+ Ke7 29. Bh4+ Kd7 30. Qxf7+ Kc8 31. Qe6+ Rd7 32. Qxc6+ Qc7 33. Qa8+ Qb8
34. Qc6+ Rc7 35. Qxa6+ Qb7 36. Qf6 Bd3+ 37. Kf3 d4+ 38. Kg4 Bf5+ 0-1

[Event "26.Schlosspark-Open"]
[Site "Wiesbaden-Biebrich"]
[Date "2014.08.29"]
[Round "2.58"]
[White "Stallknecht, Britta"]
[Black "Schimmele, Alexander"]
[Result "0-1"]
[WhiteElo "1618"]
[BlackElo "1829"]
[PlyCount "102"]
[EventDate "2014.??.??"]
[WhiteTeam "SK Großsachsen"]
[BlackTeam "SC Neckarsulm e.V."]

1. e4 d6 2. d4 Nf6 3. Nc3 g6 4. Bc4 Bg7 5. Be3 O-O 6. Nge2 c6 7. O-O b5 8. Bd3
Nbd7 9. a3 a6 10. Nf4 e5 11. Nfe2 Bb7 12. f3 Rc8 13. Qd2 c5 14. dxc5 dxc5 15.
Ng3 Qe7 16. Rfd1 Rfd8 17. Qe1 Nf8 18. Na2 c4 19. Be2 Ne6 20. Rxd8+ Rxd8 21. Rd1
Nd4 22. c3 Nxe2+ 23. Qxe2 Rd6 24. Nf1 Qd7 25. Rxd6 Qxd6 26. Qd2 Bf8 27. Qxd6
Bxd6 28. Ba7 Nd7 29. Nc1 Kg7 30. Kf2 f5 31. exf5 gxf5 32. Nd2 Kf6 33. a4 Nc5
34. Bxc5 Bxc5+ 35. Ke2 Bd5 36. axb5 axb5 37. Nf1 f4 38. g3 Kf5 39. h4 h5 40.
Na2 e4 41. fxe4+ Bxe4 42. Nc1 Kg4 43. gxf4 Kxf4 44. b3 Ba3 45. bxc4 bxc4 46.
Na2 Be7 47. Ne3 Bd3+ 48. Kd2 Bxh4 49. Nc1 Be1+ 50. Kxe1 Kxe3 51. Na2 h4 0-1

[Event "26.Schlosspark-Open"]
[Site "Wiesbaden-Biebrich"]
[Date "2014.08.29"]
[Round "2.59"]
[White "Biastoch, Bennet"]
[Black "Roth, Michael"]
[Result "1-0"]
[WhiteElo "1765"]
[BlackElo "1600"]
[PlyCount "57"]
[EventDate "2014.??.??"]
[WhiteTeam "SG Aufbau Elbe Magdeburg"]
[BlackTeam "SC Lerchenberg/ZMO"]

1. e4 e5 2. Nf3 Nc6 3. Bc4 Nd4 4. Nxd4 exd4 5. d3 h6 6. O-O c5 7. f4 d6 8. Qe1
Be7 9. Qg3 Rh7 10. Nd2 h5 11. Nf3 h4 12. Qe1 Be6 13. Bb3 Qd7 14. f5 Bxb3 15.
axb3 b6 16. e5 O-O-O 17. f6 gxf6 18. Qe4 d5 19. Qxh7 c4 20. Bf4 f5 21. Bg5 Qe8
22. Qxf5+ Kb8 23. Bf4 Ka8 24. bxc4 dxc4 25. Qe4+ Kb8 26. e6+ Bd6 27. Bxd6+ Rxd6
28. exf7 Qxf7 29. Ne5 1-0

[Event "26.Schlosspark-Open"]
[Site "Wiesbaden-Biebrich"]
[Date "2014.08.29"]
[Round "2.60"]
[White "Rosmanitz, Anna"]
[Black "Klebs, Sebastian"]
[Result "0-1"]
[WhiteElo "1599"]
[BlackElo "1849"]
[PlyCount "70"]
[EventDate "2014.??.??"]
[WhiteTeam "SC 1979 Hattersheim"]
[BlackTeam "Karlsruher SF 1853"]

1. e4 c5 2. Nc3 e6 3. f4 Nc6 4. Bb5 Nge7 5. Bxc6 Nxc6 6. Nf3 d5 7. d3 Be7 8.
O-O O-O 9. Qe1 f5 10. e5 d4 11. Ne2 Nb4 12. Qd1 b6 13. a3 Nd5 14. Ng3 Bb7 15.
Qe2 h6 16. Ne1 g5 17. Qh5 Kg7 18. fxg5 hxg5 19. Qe2 Qe8 20. Nf3 Qg6 21. h3 Rh8
22. Nh2 Nf4 23. Bxf4 gxf4 24. Nxf5+ exf5 25. Rxf4 Rxh3 26. Nf3 Rah8 27. Kf1
Rh1+ 28. Ng1 R8h2 29. Rf2 Bh4 30. e6 Bxf2 31. Qe5+ Qf6 32. Qc7+ Kf8 33. Qd6+
Qe7 34. Qb8+ Kg7 35. Kxf2 Rxg2+ 0-1

[Event "26.Schlosspark-Open"]
[Site "Wiesbaden-Biebrich"]
[Date "2014.08.29"]
[Round "2.61"]
[White "Huber, Timm"]
[Black "Wilk, David"]
[Result "1-0"]
[WhiteElo "1847"]
[BlackElo "1580"]
[PlyCount "87"]
[EventDate "2014.??.??"]
[WhiteTeam "SJ Herborn 1998"]
[BlackTeam "Sfr.Mainz 1928"]

1. d4 d5 2. c4 e6 3. Nf3 Nf6 4. Bg5 Nbd7 5. Nc3 Be7 6. e3 O-O 7. Bd3 a6 8. O-O
dxc4 9. Bxc4 b5 10. Bd3 c5 11. Rc1 Bb7 12. Bb1 Rc8 13. Qe2 c4 14. Rfd1 Qc7 15.
a3 Nb6 16. e4 Kh8 17. Bh4 Ng8 18. Bg3 Bd6 19. Bxd6 Qxd6 20. e5 Qd8 21. Ne4 Bxe4
22. Qxe4 g6 23. h4 f5 24. Qb7 Rb8 25. Qxa6 Qd5 26. b3 Rfc8 27. bxc4 Nxc4 28.
Ba2 Ra8 29. Bxc4 bxc4 30. Qd6 Qxd6 31. exd6 Rxa3 32. d7 Rd8 33. Ne5 Nf6 34.
Nf7+ Kg7 35. Nxd8 Nxd7 36. Rxc4 Kf6 37. Rc6 Nf8 38. d5 Ra7 39. Nxe6 Ke7 40.
Nxf8 Kxf8 41. d6 Rd7 42. Rc7 Ke8 43. Rxd7 Kxd7 44. Kf1 1-0

[Event "26.Schlosspark-Open"]
[Site "Wiesbaden-Biebrich"]
[Date "2014.08.29"]
[Round "2.62"]
[White "Happel, Jürgen"]
[Black "Hoffmann, Jens"]
[Result "0-1"]
[WhiteElo "1574"]
[BlackElo "1843"]
[PlyCount "96"]
[EventDate "2014.??.??"]
[WhiteTeam "SV 1920 Hofheim"]
[BlackTeam "SF HN-Biberach 1978 e.V."]

1. d4 Nf6 2. h3 g6 3. Bf4 Bg7 4. e3 O-O 5. Nf3 d5 6. Be2 c5 7. c3 b6 8. O-O Nc6
9. Nbd2 Bb7 10. a4 Nd7 11. a5 Nxa5 12. dxc5 bxc5 13. Bb5 Nc6 14. Ba6 Bxa6 15.
Rxa6 Qc8 16. Qa4 Nb6 17. Qb5 e5 18. Bh2 e4 19. Ne1 Be5 20. Bxe5 Nxe5 21. Nc2
Rb8 22. Qe2 Nbc4 23. Rfa1 Rxb2 24. Nxc4 Nxc4 25. Rxa7 Qb8 26. R7a2 Rxa2 27.
Rxa2 Qb3 28. Ne1 Qxc3 29. Ra7 Rb8 30. Ra2 Rb1 31. Kf1 Qd3 32. g3 Rd1 33. f3
Nxe3+ 34. Kf2 Qd4 35. Qxe3 Qxe3+ 36. Kxe3 Rxe1+ 37. Kf2 Rh1 38. Kg2 Rc1 39.
fxe4 dxe4 40. Kf2 Rc3 41. Re2 f5 42. Ra2 Rf3+ 43. Kg2 c4 44. Ra7 c3 45. Rc7 Rd3
46. h4 Rd2+ 47. Kf1 c2 48. Ke1 Rd1+ 0-1

[Event "26.Schlosspark-Open"]
[Site "Wiesbaden-Biebrich"]
[Date "2014.08.29"]
[Round "2.63"]
[White "Reinisch, Markus"]
[Black "Karsay, Pascal"]
[Result "0-1"]
[WhiteElo "1563"]
[BlackElo "1766"]
[PlyCount "72"]
[EventDate "2014.??.??"]
[WhiteTeam "Wiesbadener SV 1885"]
[BlackTeam "Vorw.Orient Mainz"]

1. d4 Nf6 2. c4 g6 3. Nc3 Bg7 4. e4 d6 5. Nf3 O-O 6. Be2 e5 7. d5 Nbd7 8. b4 a5
9. b5 Nc5 10. Nd2 Ne8 11. Nb3 Nxb3 12. axb3 Bd7 13. O-O f5 14. Ba3 b6 15. Rc1
f4 16. Bg4 h5 17. Bxd7 Qxd7 18. Qf3 Nf6 19. Qh3 Qxh3 20. gxh3 f3 21. Kh1 g5 22.
Rg1 g4 23. Rc2 Kf7 24. Bc1 Rg8 25. Bg5 Bh8 26. Bxf6 Bxf6 27. hxg4 hxg4 28. Nd1
Rg6 29. Ne3 Rag8 30. Nf5 Be7 31. Rcc1 Bg5 32. Rcd1 Bf4 33. h4 gxh3 34. Rxg6
Rxg6 35. Rg1 Rg2 36. Ng3 Rxg1+ 0-1

[Event "26.Schlosspark-Open"]
[Site "Wiesbaden-Biebrich"]
[Date "2014.08.29"]
[Round "2.64"]
[White "Weber, Sandra"]
[Black "Lehmann, Falko"]
[Result "1-0"]
[WhiteElo "1800"]
[BlackElo "1578"]
[PlyCount "85"]
[EventDate "2014.??.??"]
[WhiteTeam "SC Neckarsulm e.V."]
[BlackTeam "SC Taunusstein 1966"]

1. e4 d5 2. exd5 Nf6 3. d4 Qxd5 4. Nc3 Qd8 5. Nf3 Bf5 6. Bc4 e6 7. O-O Be7 8.
h3 h6 9. Re1 c6 10. Bd3 Bxd3 11. Qxd3 Nbd7 12. Be3 O-O 13. Rad1 Nb6 14. Ne4
Nxe4 15. Qxe4 Qd5 16. Qg4 h5 17. Qg3 Qf5 18. c3 Nd5 19. Bh6 Qg6 20. Qxg6 fxg6
21. Bd2 Nc7 22. Ne5 Kh7 23. Re2 Rad8 24. Nd3 b6 25. Bf4 Bd6 26. Bg5 Rde8 27.
Rde1 Be7 28. Bf4 Nd5 29. Bg3 Rf6 30. Rxe6 Rxe6 31. Rxe6 Rc8 32. Ne5 Bf6 33.
Rxc6 Rxc6 34. Nxc6 a5 35. c4 Nb4 36. Nxb4 axb4 37. Be5 Kg8 38. Bxf6 gxf6 39. f3
Kf7 40. Kf2 Ke6 41. Ke3 f5 42. Kf4 Kf6 43. h4 1-0

[Event "26.Schlosspark-Open"]
[Site "Wiesbaden-Biebrich"]
[Date "2014.08.29"]
[Round "2.65"]
[White "Troeger, Beate"]
[Black "Niedenthal, Robert"]
[Result "0-1"]
[WhiteElo "1540"]
[BlackElo "1828"]
[PlyCount "78"]
[EventDate "2014.??.??"]
[WhiteTeam "Vorw.Orient Mainz"]
[BlackTeam "SV 1920 Hofheim"]

1. f4 e5 2. fxe5 d6 3. exd6 Bxd6 4. Nf3 g5 5. g3 g4 6. Nh4 Ne7 7. d4 Ng6 8.
Nxg6 hxg6 9. Qd3 Nc6 10. c3 Bd7 11. Bg2 Qf6 12. Nd2 Qg7 13. Ne4 Be7 14. Be3
O-O-O 15. O-O-O Bf5 16. Qb5 a6 17. Qa4 Bd7 18. Nc5 Be8 19. h4 Rh5 20. Qb3 Bxc5
21. dxc5 Bd7 22. Bxc6 Bxc6 23. Rxd8+ Kxd8 24. Rd1+ Kc8 25. Qc4 f5 26. Bg5 Rh8
27. Be3 Re8 28. Bg5 Qf8 29. a4 Re4 30. Qd3 Re8 31. Qc4 Re4 32. Qd3 Re8 33. Qc4
Kb8 34. Qd4 Kc8 35. Qf6 Qg8 36. Kc2 Bxa4+ 37. Kc1 Bxd1 38. Kxd1 Qd5+ 39. Bd2
Rd8 0-1

[Event "26.Schlosspark-Open"]
[Site "Wiesbaden-Biebrich"]
[Date "2014.08.29"]
[Round "2.66"]
[White "Mönch, Dietmar"]
[Black "Diskovskyi, Igor"]
[Result "1/2-1/2"]
[WhiteElo "1818"]
[BlackElo "1564"]
[PlyCount "60"]
[EventDate "2014.??.??"]
[WhiteTeam "vereinlos"]
[BlackTeam "FC 1934 Wiesbaden-Bierstadt"]

1. e4 e5 2. Bc4 Nf6 3. d3 Bc5 4. Bg5 h6 5. Bh4 d6 6. h3 Nc6 7. c3 a6 8. b4 Ba7
9. Nf3 Be6 10. Bxe6 fxe6 11. Nbd2 Qe7 12. a4 O-O 13. O-O Qf7 14. b5 axb5 15.
axb5 Ne7 16. Nc4 Nc8 17. Kh1 Nb6 18. Ne3 Nbd7 19. Bg3 Nh5 20. Bh2 Nf4 21. Qd2
Qh5 22. Bxf4 Rxf4 23. Ng1 Rff8 24. Qe2 Qg6 25. Ng4 Nf6 26. Nxf6+ Qxf6 27. Nf3
Bc5 28. Ra2 Ra3 29. Rxa3 Bxa3 30. d4 exd4 1/2-1/2

[Event "26.Schlosspark-Open"]
[Site "Wiesbaden-Biebrich"]
[Date "2014.08.29"]
[Round "2.67"]
[White "Kirchner, Markus"]
[Black "Sefeloge, Michael"]
[Result "0-1"]
[WhiteElo "1519"]
[BlackElo "1818"]
[PlyCount "128"]
[EventDate "2014.??.??"]
[WhiteTeam "SF Schöneck"]
[BlackTeam "SV Turm Lahnstein"]

1. e4 c5 2. Nf3 d6 3. d4 cxd4 4. Nxd4 Nf6 5. Nc3 a6 6. f4 e6 7. Be3 Qc7 8. Bd3
Nc6 9. Nb3 b5 10. a3 Bb7 11. O-O Be7 12. Qf3 O-O 13. Rae1 Rad8 14. Qh3 g6 15.
f5 Bc8 16. fxg6 fxg6 17. Bg5 Ne5 18. Qh4 Ned7 19. Nd4 Qc5 20. Be3 Nd5 21. Qh6
Nxe3 22. Qxe3 Ne5 23. Nb3 Rxf1+ 24. Bxf1 Qxe3+ 25. Rxe3 Rf8 26. Nd2 Bb7 27. Nf3
Nf7 28. Nd4 Nd8 29. Rf3 Bf6 30. Nde2 Nc6 31. Rd3 Be7 32. Rf3 Ne5 33. Rxf8+ Kxf8
34. Nd4 Kf7 35. Nf3 Bf6 36. Nxe5+ Bxe5 37. Bd3 Bxc3 38. bxc3 Kf6 39. Kf2 Ke5
40. Ke3 g5 41. g3 h6 42. Kf3 d5 43. exd5 Bxd5+ 44. Ke3 Kd6 45. Be2 Kc5 46. Kd2
Bc4 47. Bd3 e5 48. Be4 Bd5 49. Bd3 e4 50. Be2 Bc4 51. Bd1 Bf1 52. Ke1 Bg2 53.
Be2 Bf3 54. Bf1 e3 55. h4 e2 56. Bxe2 Bxe2 57. Kxe2 Kc4 58. Kd2 gxh4 59. gxh4
h5 60. Ke3 Kxc3 61. Kf4 Kxc2 62. Kg5 Kb3 63. Kxh5 Kxa3 64. Kg6 b4 0-1

[Event "26.Schlosspark-Open"]
[Site "Wiesbaden-Biebrich"]
[Date "2014.08.29"]
[Round "2.68"]
[White "Binfet, Daniel"]
[Black "Künne, Lutz Dieter"]
[Result "1-0"]
[WhiteElo "1817"]
[BlackElo "1542"]
[PlyCount "59"]
[EventDate "2014.??.??"]
[WhiteTeam "TuS Makkabi Wiesbaden"]
[BlackTeam "Kings Club 98 Jena"]

1. e4 d5 2. exd5 Qxd5 3. Nc3 Qd6 4. d4 Nf6 5. Nge2 c6 6. Ng3 Nbd7 7. Be3 Nb6 8.
Qd2 e6 9. O-O-O a5 10. Bf4 Qd8 11. d5 exd5 12. Re1+ Be6 13. Nf5 g6 14. Nd4 Bg7
15. Nxe6 fxe6 16. Rxe6+ Kf7 17. Re1 Re8 18. Bd3 Kg8 19. f3 Nc4 20. Bxc4 dxc4
21. Rxe8+ Nxe8 22. Qe3 Qf6 23. Rd1 Rd8 24. Rxd8 Qxd8 25. Qe6+ Kh8 26. Qxc4 Qb6
27. Qf7 Qg1+ 28. Nd1 Nf6 29. Be5 Qc5 30. Bxf6 1-0

[Event "26.Schlosspark-Open"]
[Site "Wiesbaden-Biebrich"]
[Date "2014.08.29"]
[Round "2.69"]
[White "Sergakis, Leonidas"]
[Black "Viol, Julius"]
[Result "0-1"]
[WhiteElo "1803"]
[BlackElo "1516"]
[PlyCount "126"]
[EventDate "2014.??.??"]
[WhiteTeam "O.F.C Chania"]
[BlackTeam "FC 1934 Wiesbaden-Bierstadt"]

1. Nf3 c5 2. c4 Nf6 3. Nc3 Nc6 4. g3 g6 5. Bg2 Bg7 6. O-O d6 7. d4 Bf5 8. d5
Nb4 9. Nh4 Bd7 10. a3 Na6 11. Re1 Nc7 12. Qd3 a6 13. e4 Ng4 14. Nf3 f6 15. h3
Ne5 16. Nxe5 fxe5 17. Be3 O-O 18. Rac1 b5 19. b3 Qc8 20. Kh2 bxc4 21. bxc4 Rb8
22. Rb1 Rb7 23. Rxb7 Qxb7 24. Rb1 Qa7 25. h4 Rb8 26. Bh3 Bxh3 27. Kxh3 Rb7 28.
Rxb7 Qxb7 29. Qb1 Qxb1 30. Nxb1 e6 31. Nc3 exd5 32. exd5 Kf7 33. Ne4 Bf8 34.
Ng5+ Kg7 35. f4 exf4 36. Bxf4 h6 37. Ne4 Ne8 38. g4 Kf7 39. Kg3 Kg7 40. Kf3 Kf7
41. Ke3 Be7 42. Bg3 Kg7 43. Kd3 Nf6 44. Nxf6 Kxf6 45. Kc3 h5 46. Kb3 hxg4 47.
Ka4 Kf5 48. Ka5 Ke4 49. Kxa6 Kf3 50. Bh2 g3 51. Bg1 Kg2 52. Be3 Kh1 53. Kb6 g2
54. Kc6 g1=Q 55. Bxg1 Kxg1 56. Kd7 Bxh4 57. Kxd6 g5 58. Ke5 g4 59. Kf4 g3 60.
Kg4 Kf2 61. Kxh4 g2 62. d6 g1=Q 63. d7 Qg8 0-1

[Event "26.Schlosspark-Open"]
[Site "Wiesbaden-Biebrich"]
[Date "2014.08.29"]
[Round "2.70"]
[White "Lehmann, Wolfgang"]
[Black "Jordake, Michael"]
[Result "0-1"]
[WhiteElo "1500"]
[BlackElo "1802"]
[PlyCount "122"]
[EventDate "2014.??.??"]
[WhiteTeam "Wiesbadener SV 1885"]
[BlackTeam "SC Bergen-Enkheim 1922"]

1. d4 Nf6 2. Nf3 e6 3. c4 b6 4. e3 Bb7 5. Be2 Be7 6. O-O O-O 7. b3 d6 8. Bb2
Nbd7 9. Nbd2 c5 10. dxc5 Nxc5 11. Re1 Qc7 12. Nd4 a6 13. b4 Nce4 14. Nxe4 Nxe4
15. Rc1 Bh4 16. Rf1 Qe7 17. Nf3 Rad8 18. Qc2 f5 19. Bd4 b5 20. c5 dxc5 21. Bxc5
Nxc5 22. Qxc5 Bf6 23. a3 Qxc5 24. Rxc5 Bb2 25. Rc7 Rf7 26. Rxf7 Kxf7 27. Ne1
Bxa3 28. Nd3 Be4 29. Nc5 Rd6 30. Nxe4 fxe4 31. Rb1 Rd2 32. Kf1 Rc2 33. g3 Rc1+
34. Rxc1 Bxc1 35. f3 Bxe3 36. fxe4 Kf6 37. Bd3 Ke5 38. Ke2 Bc1 39. h3 h6 40. h4
Ba3 41. Kf3 Bxb4 42. Kg4 g6 43. h5 g5 44. Kf3 Kd4 45. Ke2 g4 46. Bc2 Bd6 47.
Bb3 Ke5 48. Kd3 Kf6 49. Bd1 Kg5 50. Bb3 e5 51. Bf7 Bb4 52. Ke2 Bc5 53. Kf1 a5
54. Be8 b4 55. Ke2 b3 56. Kd3 Bf2 57. Kc3 Bxg3 58. Kxb3 Kf4 59. Bd7 Be1 60. Kc2
g3 61. Kd1 g2 0-1

[Event "26.Schlosspark-Open"]
[Site "Wiesbaden-Biebrich"]
[Date "2014.08.29"]
[Round "2.71"]
[White "Salm, Andreas"]
[Black "Marzec, Witold"]
[Result "0-1"]
[WhiteElo "1471"]
[BlackElo "1800"]
[PlyCount "94"]
[EventDate "2014.??.??"]
[WhiteTeam "SAbt SV Werder Bremen"]
[BlackTeam "vereinslos"]

1. c4 Nf6 2. g3 e6 3. Bg2 d5 4. Nf3 g6 5. O-O Bg7 6. d3 O-O 7. Nbd2 c5 8. Rb1
Nc6 9. b3 Bd7 10. h3 Re8 11. Re1 d4 12. Ba3 Qa5 13. Qc1 e5 14. e4 Nh5 15. Qb2
Bf8 16. Rf1 Qb6 17. Kh2 a5 18. Qc1 Bh6 19. Qd1 Nb4 20. Bxb4 axb4 21. Ra1 Ra6
22. Qc2 Qa7 23. Qb2 Bg7 24. Qc2 Ra8 25. a4 bxa3 26. Ra2 Qb6 27. Rb1 Qb4 28. Rc1
Rb6 29. Rb1 f6 30. Nf1 Bh6 31. Kg1 Kf7 32. Kh2 Ng7 33. Kg1 Ne6 34. Kh2 Nd8 35.
Kg1 Nc6 36. Kh2 Rba6 37. Kg1 Qb6 38. Qd1 Nb4 39. Re2 a2 40. Ra1 Qa5 41. Rb2 Qa3
42. Qe2 Kg7 43. Ne1 Bc1 44. Rxc1 a1=Q 45. Rxa1 Qxa1 46. f4 Ra2 47. Rxa2 Rxa2
0-1

[Event "26.Schlosspark-Open"]
[Site "Wiesbaden-Biebrich"]
[Date "2014.08.29"]
[Round "2.72"]
[White "Arns, Alexander"]
[Black "Raitor, Sven"]
[Result "1-0"]
[WhiteElo "1725"]
[BlackElo "1493"]
[PlyCount "109"]
[EventDate "2014.??.??"]
[WhiteTeam "SF HN-Biberach 1978 e.V."]
[BlackTeam "SK Großsachsen"]

1. e4 e5 2. Nf3 Nc6 3. Bb5 Nf6 4. O-O Be7 5. Re1 O-O 6. c3 a6 7. Ba4 b5 8. Bc2
Bc5 9. d4 Bb6 10. Bg5 d6 11. h3 h6 12. Bh4 Bb7 13. d5 Ne7 14. Nbd2 Ng6 15. Bg3
Nh5 16. Nf1 Ngf4 17. Bxf4 Nxf4 18. Ne3 Bc8 19. Kh2 Bd7 20. Ng1 Qc8 21. Qf3 Bxe3
22. fxe3 Ng6 23. Rf1 Qd8 24. Rf2 c5 25. dxc6 Be6 26. Bb3 Bxb3 27. axb3 Qc7 28.
Ne2 Qxc6 29. Ng3 Qd7 30. Rd1 Qe6 31. b4 Rad8 32. Rfd2 Rd7 33. Nf5 Rfd8 34. Qg4
Qf6 35. Ng3 Qe6 36. Nf5 Qf6 37. Ra1 Ra7 38. Rf1 Qg5 39. Qxg5 hxg5 40. Rfd1 Rad7
41. Rxd6 Nf8 42. R6d5 f6 43. Ne7+ Kf7 44. Nc6 Rxd5 45. Nxd8+ Rxd8 46. Rxd8 Ne6
47. Rd6 Ke7 48. Rxa6 Nc7 49. Rc6 Kd7 50. Rc5 g6 51. Kg3 Kd6 52. b3 Kd7 53. c4
bxc4 54. bxc4 Na6 55. Rd5+ 1-0

[Event "26.Schlosspark-Open"]
[Site "Wiesbaden-Biebrich"]
[Date "2014.08.29"]
[Round "2.73"]
[White "Zerhusen, Martin"]
[Black "Kirchner, Stefan"]
[Result "1/2-1/2"]
[WhiteElo "1786"]
[BlackElo "1425"]
[PlyCount "79"]
[EventDate "2014.??.??"]
[WhiteTeam "SV Oberursel"]
[BlackTeam "SF Schöneck"]

1. d4 Nf6 2. c4 d6 3. Nc3 Nbd7 4. Nf3 e5 5. d5 Be7 6. e4 Nc5 7. Bd3 Bg4 8. b4
Ncd7 9. Be3 a5 10. b5 Bh5 11. a4 Ng4 12. Qd2 Nxe3 13. Qxe3 Nc5 14. Bc2 O-O 15.
O-O h6 16. h3 Bg6 17. g4 Bg5 18. Nxg5 Qxg5 19. Qxg5 hxg5 20. f3 f6 21. Nd1 Kf7
22. Nf2 Rh8 23. Kg2 Rh4 24. Rh1 Rah8 25. Rae1 Ke7 26. Rh2 Be8 27. Nd3 Nd7 28.
Rc1 b6 29. Rch1 Nf8 30. Bd1 Ng6 31. Be2 Bd7 32. Bd1 Kf8 33. Be2 Ne7 34. Nf2 g6
35. Bd3 Kg7 36. Bc2 Rf8 37. Rf1 Ng8 38. Kg3 Nh6 39. Bb1 Rh8 40. Rfh1 1/2-1/2

[Event "26.Schlosspark-Open"]
[Site "Wiesbaden-Biebrich"]
[Date "2014.08.29"]
[Round "2.74"]
[White "Kempfer, Justus"]
[Black "Martin, Lukas"]
[Result "1-0"]
[WhiteElo "1781"]
[BlackElo "1374"]
[PlyCount "65"]
[EventDate "2014.??.??"]
[WhiteTeam "SJ Herborn 1998"]
[BlackTeam "SC Bad Soden"]

1. e4 d5 2. exd5 Nf6 3. d4 Nxd5 4. Nf3 Bf5 5. Be2 Nc6 6. a3 e6 7. O-O Bd6 8.
Bg5 f6 9. Be3 Qd7 10. Nbd2 O-O-O 11. Nh4 g5 12. Nxf5 exf5 13. c4 Nxe3 14. fxe3
f4 15. c5 Bxc5 16. b4 Bxd4 17. exd4 Qxd4+ 18. Rf2 Kb8 19. Nb3 Qe3 20. Qc2 Nd4
21. Nxd4 Qxd4 22. Rc1 Qb6 23. Bf3 Rd7 24. Kh1 Rhd8 25. Re2 a5 26. Re4 f5 27.
bxa5 Qxa5 28. Rb4 g4 29. Rxb7+ Kc8 30. Qb1 Qa8 31. Qxf5 Qxb7 32. Bxb7+ Kb8 33.
Qb1 1-0

[Event "26.Schlosspark-Open"]
[Site "Wiesbaden-Biebrich"]
[Date "2014.08.29"]
[Round "2.75"]
[White "Suller, Lorant"]
[Black "Thybo, Jan"]
[Result "1-0"]
[WhiteElo "1775"]
[BlackElo "1347"]
[PlyCount "119"]
[EventDate "2014.??.??"]
[WhiteTeam "vereinslos"]
[BlackTeam "Morso Skak Klub"]

1. e4 d6 2. d4 g6 3. Be3 Bg7 4. Nc3 Nc6 5. Nf3 Nf6 6. h3 O-O 7. Be2 e5 8. d5
Ne7 9. O-O Nh5 10. Qd2 f5 11. exf5 Nxf5 12. Bg5 Bf6 13. Ne4 Nhg7 14. Nxf6+ Rxf6
15. Bxf6 Qxf6 16. Qg5 Qf7 17. Qd8+ Qf8 18. Qxc7 Nd4 19. Nxd4 exd4 20. Rad1 Ne8
21. Qd8 b6 22. Rxd4 Bb7 23. Qd7 Bc8 24. Qd8 Bb7 25. Qg5 Qg7 26. c3 Nf6 27. Bf3
Re8 28. Rf4 Rf8 29. Re1 h6 30. Qg3 g5 31. Rd4 Bc8 32. Qxd6 g4 33. Bxg4 Nxg4 34.
hxg4 Bxg4 35. Rxg4 Qxg4 36. Qe6+ Qxe6 37. dxe6 Re8 38. f4 Kg7 39. f5 Kf6 40.
Rf1 h5 41. Kh2 Rg8 42. Rf4 Kg5 43. Rf3 Kf6 44. g3 Rd8 45. Rf2 a5 46. a4 Rd5 47.
Kg2 Rd8 48. Kh3 Rg8 49. Rf4 Rd8 50. b4 Rd3 51. bxa5 bxa5 52. c4 Rb3 53. c5 Rc3
54. Kh4 Rxc5 55. Kxh5 Rc8 56. Kg4 Rg8+ 57. Kf3 Rb8 58. g4 Rb4 59. Rxb4 axb4 60.
Ke3 1-0

[Event "26.Schlosspark-Open"]
[Site "Wiesbaden-Biebrich"]
[Date "2014.08.29"]
[Round "2.76"]
[White "Triantafillidis, Simeon"]
[Black "Krischak, Werner"]
[Result "1-0"]
[WhiteElo "1361"]
[BlackElo "1764"]
[PlyCount "47"]
[EventDate "2014.??.??"]
[WhiteTeam "SF HN-Biberach 1978 e.V."]
[BlackTeam "SK Marburg 1931/72"]

1. e4 c6 2. d4 d5 3. Nc3 dxe4 4. Nxe4 Bf5 5. Ng3 Bg6 6. Nf3 e6 7. Ne5 Nd7 8.
Bf4 Ngf6 9. c4 Bb4+ 10. Ke2 O-O 11. f3 Nxe5 12. Bxe5 Nd7 13. Bf4 Re8 14. Kf2
Qh4 15. Qc1 e5 16. Be3 exd4 17. Bg5 Be1+ 18. Kg1 d3 19. Bxh4 d2 20. Qd1 Nc5 21.
Bg5 Nd3 22. Bxd3 Bxd3 23. Bxd2 Bxg3 24. hxg3 1-0

[Event "26.Schlosspark-Open"]
[Site "Wiesbaden-Biebrich"]
[Date "2014.08.29"]
[Round "2.77"]
[White "Brandt, Michael"]
[Black "Busch, Günther"]
[Result "1/2-1/2"]
[WhiteElo "1762"]
[BlackElo "1307"]
[PlyCount "92"]
[EventDate "2014.??.??"]
[WhiteTeam "Wiesbadener SV 1885"]
[BlackTeam "FC 1934 Wiesbaden-Bierstadt"]

1. f4 b6 2. e4 Bb7 3. d3 g6 4. Nf3 e6 5. Nc3 Bg7 6. Bd2 c5 7. Be2 Nc6 8. O-O
Nge7 9. e5 a6 10. Ne4 Nf5 11. g4 d5 12. Nc3 Nfd4 13. Nxd4 Nxd4 14. Rc1 h5 15.
g5 Nf5 16. Qe1 Qc7 17. Nd1 Nd4 18. c3 Nf5 19. Bf3 Qd7 20. Ne3 Nxe3 21. Bxe3 Rb8
22. Qf2 Bf8 23. a3 Be7 24. b4 Rc8 25. Rc2 O-O 26. Rfc1 Kg7 27. bxc5 Bxc5 28.
Bxc5 bxc5 29. Rb2 Ba8 30. Rcb1 Qc7 31. Rb6 Rb8 32. Qb2 Rxb6 33. Qxb6 Qc8 34.
Qa7 d4 35. Qxa8 Qxa8 36. Bxa8 Rxa8 37. cxd4 cxd4 38. Rb4 Rc8 39. Rxd4 Rc2 40.
Rc4 Ra2 41. Ra4 Rd2 42. d4 Kf8 43. Rc4 Rd1+ 44. Kg2 Rd2+ 45. Kg3 Rd3+ 46. Kg2
Rxa3 1/2-1/2